| 000 | 004430000a22001810004500 | ||
|---|---|---|---|
| 003 | MACL | ||
| 005 | 20150728175710.0 | ||
| 008 | 150728b xxu||||| |||| 00| 0 eng d | ||
| 040 |
_aMACL _cMACL |
||
| 041 | _aEnglish | ||
| 082 | _a333 | ||
| 100 |
_aJagmohan _93012 |
||
| 245 | _aCrisis of Environment and Climate Change | ||
| 260 |
_bAllied Publishers _c2008 _aNew Delhi |
||
| 350 | _a125 | ||
| 650 |
_aEconomics _93013 |
||
| 942 |
_cBK _k333 _2ddc |
||
| 999 |
_c8763 _d8763 |
||